000 00275nam a2200121Ia 4500
008 190216s9999||||xx |||||||||||||| ||und||
100 _aKalidasa
245 0 _aSakuntala
260 _bMac Millian And Com. Ltd
_c1956
300 _a96p
650 _aEnglish Drama
942 _cBK
999 _c11662
_d11662